| 000 | 01053nam a22003137a 4500 | ||
|---|---|---|---|
| 003 | EG-ScBUE | ||
| 005 | 20220613114016.0 | ||
| 008 | 131218s2000 enkaek f 000 0 eng d | ||
| 020 | _a0333757580 | ||
| 020 | _a9780333757581 | ||
| 040 |
_aEG-ScBUE _beng _erda _cEG-ScBUE _dEG-ScBUE |
||
| 082 | 0 | 4 |
_222 _a428.24 _bGOM |
| 100 | 1 |
_934683 _aGomm, Helena, _eauthor. |
|
| 245 | 1 | 0 |
_aInside out : _bintermediate, _pTeacher's book / _cHelena Gomm, Jon Hird. |
| 246 | 3 | 0 | _aTeacher's book |
| 264 | 1 |
_aOxford : _bMacmillan Education, _c2000. |
|
| 300 |
_a144 pages : _bforms, plans, tables ; _c30 cm |
||
| 336 |
_2rdacontent _atext _btxt |
||
| 337 |
_2rdamedia _aunmediated _bn |
||
| 338 |
_2rdacarrier _avolume _bnc |
||
| 521 | _aFor teachers. | ||
| 650 | 7 |
_aEnglish language _vTextbooks for foreign speakers. _2BUEsh |
|
| 650 | 7 |
_aEnglish language _xStudy and teaching _xForeign speakers. _2BUEsh |
|
| 651 | _2BUEsh | ||
| 653 |
_cDecember2013 _bHHUUEENN |
||
| 655 |
_vReading book _934232 |
||
| 700 | 1 |
_934681 _aHird, Jon, _eauthor. |
|
| 942 |
_2ddc _cTR _k428.24 GOM |
||
| 999 |
_c17867 _d17839 |
||